Geschichte nach Buchstabe - T - Statistiken

Allgemein
  • Dieses Quiz wurde 7.730 mal gespielt
  • Das Durchschnittsergebnis liegt bei 10 aus 20
Antwortstatistiken
Hinweis Antwort % Korrekt
Schiff, das 1912 mit einem Eisberg zusammenstieß Titanic
91%
Junger Pharao, dessen Grab 1922 entdeckt wurde Tutanchamun
84%
Erster weiblicher britischer PM Margaret Thatcher
82%
Gruppe, welche 1996 in Afghanistan an Macht gewann Taliban
82%
Gewand des Römischen Reiches Toga
72%
Früher als "Siam" bekannt Thailand
70%
Steuerprotest im Hafen von Boston, 1773 Tea Party
67%
Region, welche von China 1951 annektiert wurde Tibet
66%
Soldatenfiguren, die mit dem ersten Kaiser Chinas beerdigt wurden {Terrakotta}-Armee
59%
Dynastie Heinrichs VIII. Tudor
41%
Tropisches Paradies, wurde von der HMS Bounty besucht Tahiti
40%
Marmor-Mausoleum, auch das beste Beispiel der Mogul-Architektur genannt Taj Mahal
38%
Stadtstaat des antiken Griechenlands oder Hauptstadt des alten Ägypten Theben
34%
Chinesischer Ort eines Massakers von 1989 Tiananmen-Platz
32%
Zweiter Kaiser Roms Tiberius
32%
FDR's Nachfolger Harry S. Truman
29%
Sowjetischer Kommissar, wurde im Exil in Mexiko ermordet Leo Trotzki
27%
Unterform eines Katapults, auch als Blide bekannt Trebuchet
20%
Geflohene amerikanische Sklavin, die 70 weitere rettete Harriet Tubman
9%
Eroberer, der in den 1300ern 5% der Weltbevölkerung tötete Timur
7%
Keine übereinstimmenden Quizze gefunden
Verteilung der Resultate
Anzahl Personen mit jedem Resultat
Perzentil nach korrekt beantworteten Fragen
Ihre Resultats-Entwicklung
Sie haben dieses Quiz noch nicht gespielt